|
|
|
|
| LEADER |
00000nam a2200000 a 4500 |
| 001 |
vtls001330407 |
| 003 |
SK-MaSNL |
| 005 |
20260301235701.0 |
| 008 |
251113s1998 DE 0 ger |
| 020 |
|
|
|a 3415024083
|c [1113,00]
|
| 035 |
|
|
|a SNK000283269
|
| 040 |
|
|
|a SNK
|b slo
|c SNK
|e AACR2
|
| 044 |
|
|
|a DE
|
| 080 |
|
|
|a 349.2(430:4)
|2 1981
|
| 100 |
1 |
|
|a Dungs, Dorothee
|4 aut
|9 633243
|
| 245 |
1 |
4 |
|a Die Europäisierung des deutschen Arbeitsrechts und der geschlechterspezifische Gleichbehandlungsgrundsatz
|c von Dorothee Dungs
|
| 260 |
|
|
|a Stuttgart [etc.]
|b Richard Boorberg
|c 1998
|
| 300 |
|
|
|a 287 s.
|c 21 cm
|
| 490 |
1 |
|
|a Jenaer Schriften zum Recht
|v Bd. 15
|
| 650 |
0 |
7 |
|a právo pracovné nemecké
|z krajiny európske
|x vplyvy
|x monografie
|2 SNK
|9 633244
|
| 830 |
|
0 |
|a Jenaer Schriften zum Recht
|9 283087
|
| 919 |
|
|
|a 3-415-02408-3
|
| 999 |
|
|
|c 976153
|d 978083
|
| 952 |
|
|
|t P60, <04>, [BOOK], {604}
|a SNK
|b SNK
|y VYP
|7 0
|p 17A0138418
|o snkIC 127230
|i snkV 513/98
|0 0
|1 0
|4 0
|d 1998-05-07
|l 0
|r 2005-01-02 00:00:00
|w 2026-02-24
|